| 000 | 00716cam a22001935a 4500 | ||
|---|---|---|---|
| 001 | L150433 | ||
| 008 | 100713s2010 xxkdo f s 000 0 eng d | ||
| 035 | _a(Sirsi) u150433 | ||
| 041 | 0 | _aeng | |
| 100 | 1 | _aMenary, Steve | |
| 245 | 0 | 0 | _aThird quarter ascent |
| 260 | _c2010 | ||
| 490 |
_aHousebuilder _v69 (4) May 2010, 23-26(3) |
||
| 520 | _aThe first quarter of 2010 shows a continuing rise in planning applications in most regions of the UK; tables of the top ten housebuilders in UK regions; analysis of trends; Glenigan data. | ||
| 590 | _aKA | ||
| 651 | 4 |
_aUnited Kingdom _y |
|
| 690 | _aENVIRONMENTAL AND LAND CONSULTANCY-PLANNING AND DEVELOPMENT-DEVELOPMENT CONTROL-PLANNING APPLICATIONS | ||
| 942 | _n0 | ||
| 999 |
_c82508 _d82508 |
||